[Event "Horst Emscher- Dinslaken"]
[Site "?"]
[Date "2023.04.23"]
[Round "7.4"]
[White "Kroeger, Fabian"]
[Black "Welzel, Philipp"]
[Result "1-0"]
[WhiteElo "2176"]
[BlackElo "2160"]
[PlyCount "37"]
[SourceVersionDate "2023.06.22"]

1. e4 c5 2. Nc3 Nc6 3. Nge2 e6 4. d4 cxd4 5. Nxd4 Qc7 6. f4 d6 7. Be3 a6 8. Qf3
Nf6 9. O-O-O Be7 10. g4 Nxd4 11. Bxd4 O-O 12. g5 Nd7 13. Qh5 b5 14. Rd3 Rd8 15.
f5 b4 16. Rh3 Nf8 17. Bxg7 Kxg7 18. f6+ Bxf6 19. Qh6+ 1-0

[Event "Horst Emscher- Dinslaken"]
[Site "?"]
[Date "2023.04.23"]
[Round "7.5"]
[White "Ossig, Rainer"]
[Black "Radulovic, Drazen"]
[Result "0-1"]
[WhiteElo "2187"]
[BlackElo "2180"]
[PlyCount "56"]
[SourceVersionDate "2023.06.22"]

1. Nf3 d5 2. g3 Nc6 3. d4 Bg4 4. Bg2 Qd7 5. c4 e6 6. cxd5 exd5 7. Nc3 Bb4 8.
O-O Nge7 9. Qb3 f6 10. Rd1 h5 11. h4 O-O-O 12. Bd2 Bh3 13. Rac1 Bxg2 14. Kxg2
Rdg8 15. Na4 Bd6 16. Nc5 Bxc5 17. Rxc5 g5 18. hxg5 h4 19. Rh1 hxg3 20. Rcc1 Qg4
21. fxg3 Nf5 22. Bf4 fxg5 23. Rxh8 Rxh8 24. Nxg5 Qxe2+ 25. Kg1 Qh2+ 26. Kf1
Qh1+ 27. Ke2 Nfxd4+ 28. Kd3 Nxb3 0-1

[Event "Horst Emscher- Dinslaken"]
[Site "?"]
[Date "2023.04.23"]
[Round "7.6"]
[White "De Mie, Mariska"]
[Black "Graeber, Ralf"]
[Result "1/2-1/2"]
[WhiteElo "2062"]
[BlackElo "2180"]
[PlyCount "84"]
[SourceVersionDate "2023.06.22"]

1. e4 c5 2. Nf3 Nc6 3. Bb5 g6 4. Bxc6 dxc6 5. d3 Bg7 6. a4 e5 7. Be3 Qe7 8. O-O
Nf6 9. h3 O-O 10. a5 Ne8 11. Nbd2 Nc7 12. Nc4 Rb8 13. Qd2 f6 14. b4 cxb4 15.
Bxa7 Ra8 16. Be3 Be6 17. Nb6 Rad8 18. Na4 Na6 19. Nc5 Rf7 20. Nxa6 bxa6 21. Bb6
Rc8 22. Rab1 c5 23. Rfe1 Qf8 24. c3 Bh6 25. Qb2 b3 26. c4 Bf4 27. Qe2 Qh6 28.
Rxb3 Bxh3 29. gxh3 Qxh3 30. Qd1 g5 31. Bxc5 Rxc5 32. d4 Qg4+ 33. Kf1 Rxc4 34.
dxe5 Rd7 35. Rb8+ Kg7 36. exf6+ Kh6 37. Qb3 Qh3+ 38. Kg1 Rd2 39. f7 Qg4+ 40.
Kf1 Qh3+ 41. Kg1 Qg4+ 42. Kf1 Qh3+ 1/2-1/2

[Event "Horst Emscher- Dinslaken"]
[Site "?"]
[Date "2023.04.23"]
[Round "7.7"]
[White "Brockhaus, Philip"]
[Black "Buschmann, Andreas"]
[Result "1/2-1/2"]
[WhiteElo "1965"]
[BlackElo "2096"]
[PlyCount "54"]
[SourceVersionDate "2023.06.22"]

1. e4 c5 2. Nf3 d6 3. Bb5+ Bd7 4. Bxd7+ Qxd7 5. c4 g6 6. Nc3 Bg7 7. d4 cxd4 8.
Nxd4 Nf6 9. f3 O-O 10. Be3 Nc6 11. O-O Rac8 12. b3 e6 13. Qd2 Nxd4 14. Bxd4 Rc6
15. Rad1 a6 16. f4 Qc7 17. Kh1 Qa5 18. f5 b5 19. Bxf6 Bxf6 20. Nd5 Qxd2 21.
Nxf6+ Kg7 22. Rxd2 Kxf6 23. fxg6+ Kxg6 24. Rd3 f6 25. Rg3+ Kf7 26. cxb5 axb5
27. Rh3 Kg7 1/2-1/2

[Event "Horst Emscher- Dinslaken"]
[Site "?"]
[Date "2023.04.23"]
[Round "7.8"]
[White "Becker, Marco"]
[Black "Riekenbrauk, Joerg"]
[Result "1/2-1/2"]
[WhiteElo "1940"]
[BlackElo "1917"]
[PlyCount "50"]
[SourceVersionDate "2023.06.22"]

1. e4 Nf6 2. e5 Nd5 3. g3 d6 4. d4 dxe5 5. dxe5 Nc6 6. Bg2 Be6 7. Nf3 Qd7 8. c4
Ndb4 9. Qxd7+ Bxd7 10. Na3 f6 11. O-O O-O-O 12. Bd2 Bg4 13. Bc3 Nd3 14. Rad1
Bxf3 15. Bxf3 Ncxe5 16. Bxe5 fxe5 17. Bg4+ e6 18. Bxe6+ Kb8 19. Bf5 Bxa3 20.
bxa3 Nb2 21. Rxd8+ Rxd8 22. Bxh7 Nxc4 23. Re1 a6 24. Re4 Rd4 25. Re2 Rd2
1/2-1/2

[Event "Nienberge- Münster 2"]
[Site "?"]
[Date "2023.04.23"]
[Round "7.1"]
[White "Weidemann, Jakob"]
[Black "Mikeladze, Berdia"]
[Result "0-1"]
[WhiteElo "2125"]
[BlackElo "2138"]
[PlyCount "114"]
[SourceVersionDate "2023.06.22"]

1. e4 c6 2. d4 d5 3. e5 Bf5 4. Nf3 e6 5. Be2 c5 6. dxc5 Bxc5 7. a3 Ne7 8. b4
Bb6 9. Bb2 O-O 10. O-O a5 11. c4 Nd7 12. c5 Bc7 13. Bb5 Nc6 14. Bxc6 bxc6 15.
Re1 Bg4 16. h3 Bxf3 17. Qxf3 Qh4 18. Qg4 Qxg4 19. hxg4 Rfb8 20. Nd2 Nxc5 21.
Bd4 Nd7 22. Nf3 Nb6 23. Bxb6 Rxb6 24. Rac1 axb4 25. axb4 Kf8 26. b5 Rxb5 27.
Rxc6 Bb6 28. Rec1 Rb2 29. Kh2 Ke7 30. Rd6 Rd8 31. Rcc6 Rxd6 32. exd6+ Kd8 33.
Ng5 Kd7 34. Rc3 Rxf2 35. Rb3 Kc6 36. Nxh7 Bc5 37. Ng5 Bxd6+ 38. Kg1 Rf4 39.
Rc3+ Bc5+ 40. Kh2 d4 41. Rc1 Kd5 42. g3 Rxg4 43. Nxf7 Bd6 44. Rc8 Be5 45. Ra8
Bf6 46. Kh3 Re4 47. Ra5+ Kc6 48. Kg2 d3 49. Ra2 Rd4 50. Ra1 Rd7 51. Rc1+ Kd5
52. Nh8 Ke4 53. Ng6 d2 54. Rd1 Kd3 55. Kf3 e5 56. Nf8 e4+ 57. Kf4 Rd6 0-1

[Event "Nienberge- Münster 2"]
[Site "?"]
[Date "2023.04.23"]
[Round "7.2"]
[White "Remmeke, Hans"]
[Black "Borrink, Joern"]
[Result "1/2-1/2"]
[WhiteElo "2132"]
[BlackElo "2156"]
[PlyCount "36"]
[SourceVersionDate "2023.06.22"]

1. d4 Nf6 2. Nf3 d5 3. g3 e6 4. Bg2 Nbd7 5. O-O Be7 6. c4 c6 7. Qc2 h5 8. Nbd2
b6 9. e4 Bb7 10. e5 Ng4 11. cxd5 cxd5 12. Re1 g5 13. Nf1 Ba6 14. Qd2 Rc8 15. h3
Nh6 16. Ne3 Nb8 17. b4 g4 18. Nh2 gxh3 1/2-1/2

[Event "Nienberge- Münster 2"]
[Site "?"]
[Date "2023.04.23"]
[Round "7.3"]
[White "Schroeder, Lennart"]
[Black "Kemper, Georg"]
[Result "1-0"]
[WhiteElo "1992"]
[BlackElo "2006"]
[PlyCount "67"]
[SourceVersionDate "2023.06.22"]

1. d4 e6 2. c4 f5 3. Nc3 Nf6 4. Nf3 d5 5. Bg5 c6 6. e3 Nbd7 7. Bd3 Qa5 8. cxd5
Nxd5 9. O-O Nxc3 10. bxc3 Bd6 11. Bf4 e5 12. dxe5 Nxe5 13. Bc4 Nxc4 14. Bxd6
Nxd6 15. Qxd6 Qd8 16. Rfd1 Qxd6 17. Rxd6 Ke7 18. Rad1 Be6 19. Ng5 Bd5 20. c4
Kxd6 21. cxd5 Kc5 22. d6 b5 23. d7 Rhd8 24. Ne6+ Kb4 25. Nc7 Rab8 26. Na6+ Ka5
27. Nxb8 Kb6 28. Rd6 Kc7 29. Nxc6 Kxd6 30. Nxd8 Kxd7 31. Nb7 Kc6 32. Na5+ Kc5
33. f3 Kb4 34. Nc6+ 1-0

[Event "Nienberge- Münster 2"]
[Site "?"]
[Date "2023.04.23"]
[Round "7.4"]
[White "Ringwelski, Marius"]
[Black "Boesel, Alexander"]
[Result "1-0"]
[WhiteElo "2002"]
[BlackElo "2015"]
[PlyCount "37"]
[SourceVersionDate "2023.06.22"]

1. d4 Nf6 2. c4 e6 3. Nc3 Bb4 4. e3 O-O 5. Bd3 d6 6. Nge2 Nc6 7. O-O Bxc3 8.
bxc3 e5 9. e4 b6 10. d5 Na5 11. Ng3 Ba6 12. Qe2 Nd7 13. Nf5 Nc5 14. Bh6 gxh6
15. Qg4+ Qg5 16. Nxh6+ Kh8 17. Qxg5 f6 18. Qe3 Nxd3 19. Qxd3 1-0

[Event "Nienberge- Münster 2"]
[Site "?"]
[Date "2023.04.23"]
[Round "7.5"]
[White "Quante, Lennart"]
[Black "Keller, Dirk"]
[Result "1-0"]
[WhiteElo "2100"]
[BlackElo "1964"]
[PlyCount "83"]
[SourceVersionDate "2023.06.22"]

1. d4 Nf6 2. Nf3 e6 3. g3 b6 4. Bg2 Bb7 5. O-O Be7 6. c4 O-O 7. Nc3 Ne4 8. Qc2
Nxc3 9. Qxc3 Be4 10. Ne5 Bxg2 11. Kxg2 d6 12. Qf3 d5 13. cxd5 exd5 14. Rd1 c6
15. Be3 f6 16. Nd3 Qd7 17. Rdc1 Na6 18. a3 Rac8 19. b4 Nc7 20. h3 Ne8 21. b5
Kh8 22. a4 Rc7 23. Bf4 Rc8 24. Be3 Rc7 25. Nf4 cxb5 26. axb5 Rxc1 27. Bxc1 Qxb5
28. Rxa7 Bd6 29. Nxd5 Qc6 30. Bf4 b5 31. Bxd6 Nxd6 32. Rc7 Qa8 33. e4 Qb8 34.
Qf4 Ne8 35. Rd7 Qa8 36. h4 Qc6 37. Rd8 Qe6 38. f3 Kg8 39. Qb8 f5 40. e5 Qa6 41.
Rxe8 Qa2+ 42. Kh3 1-0

[Event "Nienberge- Münster 2"]
[Site "?"]
[Date "2023.04.23"]
[Round "7.6"]
[White "Gottkehaskamp, Philipp"]
[Black "Junk, Phillip"]
[Result "0-1"]
[WhiteElo "2062"]
[BlackElo "2083"]
[PlyCount "124"]
[SourceVersionDate "2023.06.22"]

1. d4 d5 2. c4 e6 3. Nf3 Nf6 4. g3 dxc4 5. Qa4+ Nbd7 6. Bg2 Be7 7. O-O O-O 8.
Qxc4 c5 9. dxc5 Nxc5 10. Nc3 a6 11. b4 Ncd7 12. Rd1 b5 13. Qb3 Bb7 14. Bf4 Qe8
15. a3 Nd5 16. Ne5 N7b6 17. e4 Nxf4 18. gxf4 Rd8 19. Ne2 Rxd1+ 20. Rxd1 Qc8 21.
Rc1 Qb8 22. Qe3 Ba8 23. Nd4 Rc8 24. Nec6 Qc7 25. e5 Nc4 26. Qh3 Bxc6 27. Nxc6
Qd7 28. Be4 g6 29. Nxe7+ Qxe7 30. Qf3 Rc7 31. Rd1 Kg7 32. Kg2 Ra7 33. Bc6 Rc7
34. Be4 a5 35. bxa5 Nxa5 36. Rb1 Nc4 37. Rxb5 Nxa3 38. Rb7 Rxb7 39. Bxb7 Nc2
40. Qe4 Qc5 41. Ba6 Qc3 42. Bb7 Qd2 43. Ba6 h5 44. Bc4 Qc3 45. Be2 Nd4 46. Qd3
Qb2 47. Bf3 Qb4 48. Be4 Qc5 49. Qe3 Qc4 50. Qd3 Qb4 51. Qe3 Nb3 52. Bf3 Nc5 53.
Be2 Na4 54. Qg3 Nb6 55. Qg5 Nd5 56. Kg3 Qe1 57. Bf3 Ne3 58. Qf6+ Kg8 59. Qd8+
Kh7 60. Be4 Qg1+ 61. Kf3 Nd1 62. Bxg6+ Qxg6 0-1

[Event "Nienberge- Münster 2"]
[Site "?"]
[Date "2023.04.23"]
[Round "7.7"]
[White "Kamp, Aaron"]
[Black "Emiroglu, Murat"]
[Result "0-1"]
[WhiteElo "1877"]
[BlackElo "2135"]
[PlyCount "74"]
[SourceVersionDate "2023.06.22"]

1. e4 d5 2. exd5 Qxd5 3. Nc3 Qa5 4. d4 c6 5. Nf3 Bf5 6. Bd3 Bxd3 7. Qxd3 Nd7 8.
O-O e6 9. Ne4 Ngf6 10. Bf4 Nxe4 11. Qxe4 Be7 12. Ne5 Qd5 13. Qd3 Nxe5 14. Bxe5
O-O-O 15. Rfe1 Bf6 16. c4 Qa5 17. Bxf6 gxf6 18. a3 h5 19. b4 Qg5 20. b5 cxb5
21. cxb5 Rhg8 22. g3 h4 23. b6 axb6 24. Rab1 hxg3 25. hxg3 Rd6 26. Rb5 Qh6 27.
Re4 f5 28. Ree5 f4 29. Rh5 Qf6 30. Qh7 Rdd8 31. Qc2+ Kb8 32. Rxb6 Rd7 33. Qb3
Qxd4 34. Rhb5 Rxg3+ 35. Kf1 Rxb3 36. Rxb3 Qd1+ 37. Kg2 Qg4+ 0-1

[Event "Nienberge- Münster 2"]
[Site "?"]
[Date "2023.04.23"]
[Round "7.8"]
[White "Haas, Kai"]
[Black "Kubo, Thomas"]
[Result "1/2-1/2"]
[WhiteElo "1973"]
[BlackElo "2032"]
[PlyCount "128"]
[SourceVersionDate "2023.06.22"]

1. d3 d5 2. e4 e6 3. Nd2 c5 4. Ngf3 Nc6 5. g3 Nf6 6. Bg2 Be7 7. O-O Qc7 8. Re1
O-O 9. Qe2 b5 10. a4 b4 11. e5 Nd7 12. Nf1 Ba6 13. Bf4 Rfd8 14. h4 Nf8 15. h5
Rac8 16. N1h2 Nd4 17. Nxd4 cxd4 18. Rac1 b3 19. cxb3 Qb6 20. Rxc8 Rxc8 21. Rc1
Rxc1+ 22. Bxc1 Qxb3 23. Bf1 Qxa4 24. Ng4 Qc6 25. Qd1 Bb5 26. Bf4 Ba4 27. Qd2
Qc2 28. Be2 Qxd2 29. Bxd2 Bc2 30. f4 Nd7 31. Kf1 Nb6 32. Nf2 f6 33. exf6 gxf6
34. Bg4 Kf7 35. Ke2 Na4 36. Bc1 Nc5 37. Bd2 Na4 38. Bc1 Bb4 39. Bf3 Bb3 40. g4
Bd6 41. Nh3 a5 42. Bg2 Bb4 43. Bf3 Nc5 44. Bd2 Na4 45. Bc1 Nc5 46. Bd2 Bc2 47.
Nf2 Bxd2 48. Kxd2 Bb3 49. Nh3 Ba2 50. Kc2 Na6 51. Bg2 Nb4+ 52. Kd2 Bb3 53. Bf3
a4 54. Be2 Nc2 55. Bf3 Ne3 56. Ng1 h6 57. Nh3 e5 58. fxe5 fxe5 59. g5 hxg5 60.
Nxg5+ Kg7 61. h6+ Kxh6 62. Nf7+ Kg7 63. Nxe5 Kf6 64. Nc6 Nf5 1/2-1/2

[Event "Steinfurt- Porta Westfalica"]
[Site "?"]
[Date "2023.04.23"]
[Round "7.1"]
[White "Liebelt, Jannik"]
[Black "Rieke, Theo"]
[Result "1/2-1/2"]
[WhiteElo "2146"]
[BlackElo "1957"]
[Annotator "daniel"]
[PlyCount "127"]
[SourceVersionDate "2023.06.22"]

1. e4 e5 2. Nf3 Nc6 3. Bc4 Nf6 4. d4 exd4 5. O-O Nxe4 6. Re1 d5 7. Bxd5 Qxd5 8.
Nc3 Qa5 9. Nxe4 Be6 10. Neg5 O-O-O 11. Nxe6 fxe6 12. Rxe6 Bd6 13. Bg5 Rde8 14.
Qe2 Kd7 15. Rxe8 Rxe8 16. Qd3 h6 17. Bd2 Qd5 18. c3 Qe4 19. Qxe4 Rxe4 20. Nxd4
Nxd4 21. cxd4 Rxd4 22. Bc3 Rg4 23. Re1 g6 $11 24. g3 Ra4 25. a3 h5 26. f4 Rc4
27. Ra1 Ke6 28. Kf2 Kf5 29. Kf3 Ke6 30. Re1+ Kf7 31. Ke3 Be7 32. Kd3 Rc6 33. h4
Bf6 34. Bxf6 Kxf6 35. Re5 Rb6 36. Kc3 Rd6 37. Rg5 Rc6+ 38. Kd3 Rd6+ 39. Kc2
Rc6+ 40. Kb1 Rc4 41. f5 gxf5 42. Rxh5 Rg4 43. Rh7 Rxg3 44. Rxc7 Rg7 45. Rc1 f4
46. Rh1 Kf5 47. Kc2 Ke4 48. h5 Kf3 49. h6 Rh7 50. Kd2 Kg2 51. Rh5 f3 52. Rg5+
Kf2 53. Rg7 Rxh6 54. Rxb7 Rb6 55. Rxa7 Rxb2+ 56. Kc3 Re2 57. Rf7 Re3+ 58. Kb4
Ke2 59. a4 f2 60. Rxf2+ Kxf2 61. a5 Re4+ 62. Kb5 Ke3 63. a6 Kd4 64. a7 1/2-1/2

[Event "Steinfurt- Porta Westfalica"]
[Site "?"]
[Date "2023.04.23"]
[Round "7.2"]
[White "Haselhorst, Helmut"]
[Black "Traetmar, Mattis"]
[Result "1-0"]
[WhiteElo "1995"]
[BlackElo "2007"]
[PlyCount "65"]
[SourceVersionDate "2023.06.22"]

1. Nf3 Nf6 2. d4 g6 3. c4 Bg7 4. Nc3 d5 5. Bg5 Ne4 6. Bf4 Nxc3 7. bxc3 O-O 8.
e3 c5 9. cxd5 cxd4 10. cxd4 Qxd5 11. Be2 Qa5+ 12. Qd2 Qa3 13. O-O Nc6 14. Rab1
e5 15. Nxe5 Nxe5 16. Bxe5 Bxe5 17. dxe5 Be6 18. Rxb7 Rfd8 19. Qb2 Qa5 20. Bf3
Rac8 21. a3 Bc4 22. Ra1 Be6 23. h3 Rd2 24. Rxa7 Qd8 25. Qb7 Qh4 26. Rf1 Rcc2
27. Qe7 Qc4 28. Ra8+ Bc8 29. g3 Rc1 30. Rxc1 Qxc1+ 31. Kg2 Kg7 32. Qf6+ Kh6 33.
g4 1-0

[Event "Steinfurt- Porta Westfalica"]
[Site "?"]
[Date "2023.04.23"]
[Round "7.3"]
[White "Kirnos, Evgeni"]
[Black "Janning, Rainer"]
[Result "1-0"]
[WhiteElo "2222"]
[BlackElo "1877"]
[PlyCount "101"]
[SourceVersionDate "2023.06.22"]

1. e4 c6 2. Nf3 d5 3. Nc3 dxe4 4. Nxe4 Nf6 5. Nxf6+ gxf6 6. d4 Bf5 7. Bd3 Bg6
8. Bf4 e6 9. Qd2 Bd6 10. Bg3 Qe7 11. O-O-O Nd7 12. Kb1 O-O-O 13. Rhe1 Nb6 14.
a3 Bh5 15. Be2 Bg6 16. Qa5 Kb8 17. Bd3 Qc7 18. Bh4 Nd7 19. Qxc7+ Kxc7 20. c3
Rdg8 21. Bg3 Bh5 22. Be2 Bg6+ 23. Bd3 Bh5 24. Be2 Bg6+ 25. Kc1 Re8 26. Bd3 Nb6
27. Bxd6+ Kxd6 28. c4 Bxd3 29. c5+ Kd7 30. Rxd3 Nd5 31. g3 Ne7 32. Nd2 Nc8 33.
Kc2 Rhg8 34. b4 f5 35. a4 a6 36. Nc4 Kc7 37. Rb1 b5 38. Ne5 f6 39. Nf3 Ne7 40.
Ra3 bxa4 41. Rxa4 Kb7 42. Nd2 Ra8 43. Re1 Nd5 44. Nc4 Nc7 45. Na5+ Kc8 46. Nxc6
Kd7 47. Na5 Rg4 48. f4 Nb5 49. Nc4 Kc6 50. Rxe6+ Kd5 51. Nb6+ 1-0

[Event "Steinfurt- Porta Westfalica"]
[Site "?"]
[Date "2023.04.23"]
[Round "7.4"]
[White "Raus, Michael"]
[Black "Ringe, Christian"]
[Result "1/2-1/2"]
[WhiteElo "1922"]
[BlackElo "1851"]
[PlyCount "47"]
[SourceVersionDate "2023.06.22"]

1. e4 c5 2. Nc3 d6 3. f4 Nc6 4. Nf3 e6 5. d3 Nf6 6. g3 Be7 7. Bg2 O-O 8. O-O a6
9. h3 Bd7 10. Be3 Rb8 11. Qd2 b5 12. Kh2 d5 13. exd5 exd5 14. Bf2 d4 15. Ne4
Qc7 16. Rfe1 Rfe8 17. c3 Nxe4 18. dxe4 dxc3 19. Qxc3 c4 20. a3 Rbd8 21. Rad1 f6
22. Nd4 Nxd4 23. Bxd4 Be6 24. Qe3 1/2-1/2

[Event "Steinfurt- Porta Westfalica"]
[Site "?"]
[Date "2023.04.23"]
[Round "7.6"]
[White "Dehler, Markus"]
[Black "Peters, Waldemar"]
[Result "0-1"]
[WhiteElo "1747"]
[BlackElo "1707"]
[PlyCount "58"]
[SourceVersionDate "2023.06.22"]

1. e4 c5 2. Nc3 Nc6 3. Bb5 d6 4. f4 Bd7 5. Nf3 e6 6. O-O Nge7 7. d3 g6 8. Ne2
Bg7 9. c3 O-O 10. Be3 b6 11. Ba4 Qc7 12. g4 Rad8 13. f5 exf5 14. exf5 gxf5 15.
g5 Nd5 16. Bd2 Ne5 17. Bxd7 Qxd7 18. Nh4 Ne7 19. Nf4 N5g6 20. Nf3 Rfe8 21. Rf2
Nc6 22. Qf1 Nce5 23. Nh5 f4 24. Nxg7 Kxg7 25. Re1 Qf5 26. d4 Nxf3+ 27. Rxf3
Qg4+ 28. Qg2 Qxg2+ 29. Kxg2 Nh4+ 0-1

[Event "Kirchlengern- Iserlohn"]
[Site "?"]
[Date "2023.04.23"]
[Round "7.1"]
[White "Scheider, Julian"]
[Black "Gulatz, Maurice"]
[Result "1-0"]
[WhiteElo "2335"]
[BlackElo "2159"]
[PlyCount "127"]
[SourceVersionDate "2023.06.22"]

1. e4 c6 2. d4 d5 3. exd5 cxd5 4. c4 Nf6 5. Nc3 Nc6 6. Nf3 Bg4 7. cxd5 Nxd5 8.
Qb3 Bxf3 9. gxf3 e6 10. Qxb7 Nxd4 11. Bb5+ Nxb5 12. Qc6+ Ke7 13. Qxb5 Qd7 14.
Nxd5+ Qxd5 15. Bg5+ f6 16. Qxd5 exd5 17. Be3 Ke6 18. O-O-O Bb4 19. Rd3 Rhc8+
20. Kb1 Bc5 21. Re1 Bxe3 22. Rdxe3+ Kd6 23. Re6+ Kc5 24. Rc1+ Kd4 25. Rd1+ Kc5
26. Re7 Kd6 27. Rxg7 h5 28. Rb7 Rc4 29. Rb5 Rc5 30. Rb4 Rg8 31. Rf4 Ke6 32.
Re1+ Kf7 33. b4 Rb5 34. a4 Rb7 35. Re2 Rg2 36. h4 Rg1+ 37. Kb2 Rd1 38. Rc2 Ke6
39. Re2+ Kf7 40. b5 Rc7 41. Rc2 Rxc2+ 42. Kxc2 Rf1 43. Kb3 Ke6 44. Kc3 Rxf2 45.
a5 Ke5 46. b6 axb6 47. axb6 Kxf4 48. b7 Rxf3+ 49. Kb4 Kg4 50. b8=Q Kxh4 51. Kc5
Rf5 52. Kd6 Re5 53. Qg8 d4 54. Qg6 Kh3 55. Qxf6 Re3 56. Qxd4 Rf3 57. Ke5 h4 58.
Ke4 Rf1 59. Qd3+ Kg2 60. Qe2+ Rf2 61. Qg4+ Kf1 62. Qxh4 Kg1 63. Ke3 Rf1 64. Ke2
1-0

[Event "Kirchlengern- Iserlohn"]
[Site "?"]
[Date "2023.04.23"]
[Round "7.2"]
[White "Braun, Peter"]
[Black "Eckardt, Joshua"]
[Result "0-1"]
[WhiteElo "1933"]
[BlackElo "2257"]
[PlyCount "76"]
[SourceVersionDate "2023.06.22"]

1. d4 Nf6 2. Nc3 d5 3. Bf4 c5 4. e4 Nxe4 5. Nxe4 dxe4 6. dxc5 Qxd1+ 7. Rxd1 Bd7
8. Bc4 e6 9. Be3 Nc6 10. c3 Be7 11. Nh3 h6 12. Nf4 O-O-O 13. O-O g5 14. Nh5 Rh7
15. b4 f5 16. b5 Na5 17. Be2 e5 18. Rd5 f4 19. Bc1 f3 20. gxf3 exf3 21. Bxf3
Bxb5 22. Rfd1 Nc4 23. Ng3 Rxd5 24. Bxd5 Bxc5 25. Be6+ Kc7 26. Rd5 b6 27. Ne4
Re7 28. Nxc5 bxc5 29. Rxc5+ Kd6 30. Rxc4 Kxe6 31. Rc5 Be2 32. Rc6+ Kf5 33. Rxh6
Bf3 34. h4 Rd7 35. Kh2 Rd1 36. Kg3 g4 37. Bg5 Rg1+ 38. Kh2 Rh1+ 0-1

[Event "Kirchlengern- Iserlohn"]
[Site "?"]
[Date "2023.04.23"]
[Round "7.3"]
[White "Messarius, Juergen"]
[Black "Knollmann, Benjamin"]
[Result "1-0"]
[WhiteElo "2184"]
[BlackElo "1872"]
[PlyCount "55"]
[SourceVersionDate "2023.06.22"]

1. e4 e6 2. d4 d5 3. Nc3 Nf6 4. e5 Nfd7 5. f4 c5 6. Nf3 Nc6 7. Ne2 a6 8. c3 b5
9. dxc5 Bxc5 10. Ned4 Qb6 11. Be3 O-O 12. Bd3 h6 13. b4 Bxd4 14. Nxd4 Nxd4 15.
Bxd4 Qd8 16. O-O Bb7 17. Qg4 f5 18. exf6 Nxf6 19. Qxe6+ Kh8 20. Rae1 Re8 21.
Qf7 Qd7 22. Qxd7 Nxd7 23. Bg6 Rg8 24. Re7 Rad8 25. Rfe1 Bc8 26. Bf7 Rgf8 27.
Bxd5 Nf6 28. Bb3 1-0

[Event "Kirchlengern- Iserlohn"]
[Site "?"]
[Date "2023.04.23"]
[Round "7.6"]
[White "Ott, Helmut"]
[Black "Runtemund, Rene"]
[Result "1/2-1/2"]
[WhiteElo "1930"]
[BlackElo "2082"]
[PlyCount "26"]
[SourceVersionDate "2023.06.22"]

1. d4 d5 2. Nf3 e6 3. c4 f5 4. cxd5 exd5 5. Bg5 Nf6 6. Nc3 c6 7. Ne5 Bd6 8. e3
Nbd7 9. f4 O-O 10. Bd3 Qb6 11. Qc2 Ne4 12. Bxe4 fxe4 13. O-O Nf6 1/2-1/2

[Event "Kirchlengern- Iserlohn"]
[Site "?"]
[Date "2023.04.23"]
[Round "7.7"]
[White "Franz, Christian"]
[Black "Taubert, Tobias"]
[Result "1/2-1/2"]
[WhiteElo "2047"]
[BlackElo "1842"]
[PlyCount "88"]
[SourceVersionDate "2023.06.22"]

1. c4 c6 2. Nc3 d5 3. cxd5 cxd5 4. d4 Nf6 5. Nf3 Nc6 6. Bf4 e6 7. a3 Bd6 8.
Bxd6 Qxd6 9. e3 a6 10. b4 b5 11. Rc1 Bb7 12. Nd2 Nd7 13. f4 Nb6 14. Nb3 Nc4 15.
Bxc4 dxc4 16. Nc5 Rb8 17. Qg4 O-O 18. Qg3 f5 19. h4 Ne7 20. h5 h6 21. Qf2 Nd5
22. Kd2 Nf6 23. Qe2 Bc6 24. Rh4 Ra8 25. a4 Nd5 26. Nxd5 exd5 27. a5 Bd7 28.
Rch1 Rae8 29. R1h3 Re7 30. Qf3 Rfe8 31. Qf2 Rf8 32. Rg3 Be8 33. Qf3 Bf7 34.
Rgh3 Be6 35. Rh1 Rfe8 36. R4h3 Bf7 37. Qf2 Qf6 38. Rg1 Kh8 39. g4 fxg4 40. Rxg4
Qf5 41. Qg1 Bxh5 42. Rgg3 g6 43. Qf1 Ra8 44. Qh1 Rg7 1/2-1/2

[Event "Werther- Herford"]
[Site "?"]
[Date "2023.04.23"]
[Round "7.1"]
[White "Loemker, Michael"]
[Black "Haskenhoff, Jan"]
[Result "1/2-1/2"]
[WhiteElo "2091"]
[BlackElo "2170"]
[PlyCount "26"]
[SourceVersionDate "2023.06.22"]

1. d4 Nf6 2. c4 g6 3. Nc3 d5 4. Nf3 Bg7 5. Bf4 O-O 6. Rc1 c5 7. dxc5 dxc4 8. e3
Qa5 9. Qa4 Qxc5 10. Qxc4 Na6 11. Be2 Be6 12. Qxc5 Nxc5 13. O-O Rac8 1/2-1/2

[Event "Werther- Herford"]
[Site "?"]
[Date "2023.04.23"]
[Round "7.2"]
[White "Freiberger, Jonas"]
[Black "Quelle, Helmut"]
[Result "1-0"]
[WhiteElo "2192"]
[BlackElo "2066"]
[PlyCount "103"]
[SourceVersionDate "2023.06.22"]

1. e4 e6 2. d4 d5 3. e5 c5 4. c3 Nc6 5. Nf3 Bd7 6. Be2 Nge7 7. O-O Nf5 8. dxc5
Bxc5 9. Bd3 Nh4 10. Bf4 Ng6 11. Bg3 Be7 12. Nbd2 O-O 13. Re1 Rc8 14. h4 h6 15.
h5 Nh4 16. Bxh4 Bxh4 17. Nxh4 Qxh4 18. g3 Qg5 19. Kg2 f5 20. f4 Qe7 21. Nf3 Qf7
22. Nh4 Ne7 23. Rf1 g5 24. hxg6 Nxg6 25. Nf3 Qg7 26. Kf2 Kf7 27. Nd4 Ne7 28.
Qh5+ Qg6 29. Rh1 Rg8 30. Rag1 Qxh5 31. Rxh5 Rg6 32. Rgh1 Ng8 33. R5h4 Rg7 34.
Kf3 Rc7 35. g4 fxg4+ 36. Rxg4 Rxg4 37. Kxg4 a6 38. Bh7 Rc8 39. Kh5 Ne7 40. Rg1
Rf8 41. Kxh6 Ke8 42. Rg4 Nc6 43. Nxc6 bxc6 44. b4 Kd8 45. Rg8 Rxg8 46. Bxg8 Kc7
47. Kg6 Kb6 48. Kf6 Kb5 49. Bxe6 Bxe6 50. Kxe6 Kc4 51. f5 Kxc3 52. f6 1-0

[Event "Werther- Herford"]
[Site "?"]
[Date "2023.04.23"]
[Round "7.3"]
[White "Stoimenov, Ivan"]
[Black "Suchland, Marko"]
[Result "1-0"]
[WhiteElo "2084"]
[BlackElo "2173"]
[PlyCount "59"]
[SourceVersionDate "2023.06.22"]

1. d4 d5 2. Bf4 Nf6 3. e3 c5 4. c3 Nc6 5. Nd2 e6 6. Ngf3 Nh5 7. Bg5 f6 8. Bh4
g6 9. Bd3 cxd4 10. cxd4 Bd7 11. a3 Bd6 12. g4 Ng7 13. e4 Bf4 14. e5 g5 15. Bg3
fxe5 16. dxe5 Bxg3 17. hxg3 Qb6 18. Qb3 Qc7 19. Rc1 O-O-O 20. O-O h5 21. Nxg5
Be8 22. Ndf3 hxg4 23. Nd4 Qe7 24. Ba6 Rd7 25. Rxc6+ Kb8 26. Rfc1 Bg6 27. Qc3
Rdd8 28. Rc7 Qxg5 29. Rxb7+ Ka8 30. Rb8+ 1-0

[Event "Werther- Herford"]
[Site "?"]
[Date "2023.04.23"]
[Round "7.4"]
[White "Goecke, Karl Ulrich"]
[Black "Hanisch, Bernd"]
[Result "1-0"]
[WhiteElo "2131"]
[BlackElo "2036"]
[PlyCount "117"]
[SourceVersionDate "2023.06.22"]

1. d4 Nf6 2. Nf3 d5 3. g3 e6 4. Bg2 Be7 5. O-O O-O 6. c4 b6 7. Nc3 Bb7 8. cxd5
Nxd5 9. Nxd5 Bxd5 10. Qc2 Nd7 11. Rd1 Nf6 12. Bf4 Bd6 13. Bg5 Be7 14. Bxf6 Bxf6
15. e4 Bb7 16. e5 Be7 17. Ng5 Bxg5 18. Bxb7 Rb8 19. Be4 h6 20. f4 Be7 21. Kg2
c5 22. dxc5 Qc7 23. c6 Rfd8 24. h4 Rbc8 25. h5 Kf8 26. Bf3 Kg8 27. Kh3 Rb8 28.
Qe4 Rbc8 29. Rac1 a5 30. Be2 Rxd1 31. Bxd1 Bc5 32. Bc2 Kf8 33. Qh7 Ke8 34. Be4
Bf8 35. Bf3 Rd8 36. Rc2 Rd4 37. a3 a4 38. Re2 Qd8 39. f5 Qg5 40. fxe6 fxe6 41.
Re4 Rxe4 42. Qxe4 Qf5+ 43. Qxf5 exf5 44. Bd1 Bc5 45. Bxa4 Kd8 46. Bb5 Bd4 47.
e6 Be5 48. a4 Ke7 49. Bc4 Kd6 50. Bd5 Bxb2 51. g4 f4 52. Kg2 Bc1 53. Kf3 Bd2
54. Ke4 Bc1 55. Kf5 Bd2 56. Kg6 f3 57. Kf7 f2 58. Bg2 Bg5 59. c7 1-0

[Event "Werther- Herford"]
[Site "?"]
[Date "2023.04.23"]
[Round "7.5"]
[White "Hiller, Stefan"]
[Black "Henkemeier, Markus"]
[Result "1-0"]
[WhiteElo "1967"]
[BlackElo "2036"]
[PlyCount "73"]
[SourceVersionDate "2023.06.22"]

1. e4 c6 2. Ne2 d5 3. e5 e6 4. d4 c5 5. c3 Nc6 6. Nd2 Qb6 7. Nf3 Nge7 8. dxc5
Qxc5 9. Be3 Qa5 10. Ned4 Ng6 11. Nxc6 bxc6 12. b4 Qc7 13. Qd4 Bd7 14. Bd3 Be7
15. h4 a5 16. h5 Nf8 17. a3 Bc8 18. Qg4 Rg8 19. O-O Ba6 20. Bxa6 Rxa6 21. c4 f5
22. exf6 Bxf6 23. b5 Ra8 24. b6 Qb7 25. Rab1 Kf7 26. cxd5 exd5 27. Rfc1 Ne6 28.
Qf5 Rgc8 29. Qxh7 d4 30. Qg6+ Kg8 31. Bg5 Nf8 32. Qf5 Bxg5 33. Nxg5 Ra6 34. Qc5
d3 35. Qc4+ Kh8 36. Nf7+ Kh7 37. Nd6 1-0